| 000 | 02312nam0a2200445 4500 | ||
|---|---|---|---|
| 001 | RU\NLR\bibl\271139 | ||
| 005 | 20260628211802.0 | ||
| 010 |
_a5-93239-026-3 _9300 |
||
| 021 |
_aRU _b2002-4584 _9219 |
||
| 035 | _a(NLR Aleph) 000266680 | ||
| 090 |
_a1558665 _c1558665 |
||
| 100 | _a20020517d2001 |||y0rusy50 ca | ||
| 101 | 0 | _arus | |
| 102 | _aRU | ||
| 105 | _aa ||||||||| | ||
| 200 | 1 |
_aХронический катаральный гингивит, артериальная гипертензия и дисплазия соединительной ткани _e(Патоморфология, лечение) _fВ. А. Шкурупий, К. О. Самойлов, Г. Н. Верещагина _gОтв. ред. В. А. Шкурупий; Рос. акад. мед. наук, Сиб. отд-ние, Науч. центр клинич. и эксперим. медицины, Новосиб. гос. мед. акад. МЗ РФ |
|
| 210 |
_aНовосибирск _cСО РАМН _d2001 |
||
| 215 |
_a213 с. _cил. _d20 |
||
| 320 | _aБиблиогр.: с. 206-210 | ||
| 606 | 0 |
_aГингивиты при гипертонии _92249931 _3RU\NLR\auth\661349607 |
|
| 606 | 0 |
_aГингивиты при дисплазии соединительной ткани _92186678 _3RU\NLR\auth\661314693 |
|
| 606 |
_aГингивиты _3RU\NLR\auth\66294098 _91431767 |
||
| 610 | 0 | _aГингивит - Лечение | |
| 610 | 0 | _aГипертоническая болезнь и гипертония - Связь с другими болезнями | |
| 610 | 0 | _aСоединительная ткань - Болезни - Связь с другими болезнями | |
| 675 |
_a616.311.2-002.2-018.2-06 _v3 _zrus |
||
| 686 |
_a76.29 _2rugasnti |
||
| 686 |
_a56.6 _2rubbk |
||
| 686 | _aР661.220.111 | ||
| 686 | _aР410.030-37 | ||
| 686 | _aР552-37 | ||
| 700 | 1 |
_4070 _7ca _8rus _aШкурупий _bВ. А. _gВячеслав Алексеевич _949188 _3RU\NLR\auth\7766260 |
|
| 701 | 1 |
_aСамойлов _bК. О. _gКонстантин Олегович _4070 |
|
| 701 | 1 |
_aВерещагина _bГ. Н. _gГалина Николаевна _4070 |
|
| 801 | 0 |
_aRU _bRKP _c20020517 _gPSBO |
|
| 801 | 1 |
_aRU _bRKP _c20020517 |
|
| 801 | 2 |
_aRU _bNLR _c20090402 _grcr |
|
| 942 | _cBOOK | ||
| 980 | _aNB | ||